00338nam a22001337a 4500003000400000020001900004082001600023100003300039245003100072250000800103260006100111300000900172650002300181SGT a978-6203195965 a617.6bI20M aDEEKSHA MEHTA, AMIT BHARDWAJ aIMPLANT PLACEMENT PROTOCOL a1ST aDELHI INDIA b‎ LAP LAMBERT Academic Publishing c2000 a1-90 aIMPLANT DENTISTRY